| 000 | 00469nam a2200181Ia 4500 | ||
|---|---|---|---|
| 008 | 210210b2010 xxu||||| |||| 00| 0 eng d | ||
| 020 | _a9788173716799 | ||
| 041 | _aeng | ||
| 082 | _a615 PRAC | ||
| 100 | _aPRASAD (P Jagadish) | ||
| 245 | _aConceptual pharmacology | ||
| 260 |
_aHyderabad _bUniversities Press (India) Private Limited _c2010 |
||
| 300 | _aviii,693 | ||
| 650 | _apharmacology | ||
| 650 | _aConceptual | ||
| 690 | _aPharmacology | ||
| 906 | _a065050 | ||
| 999 |
_c141660 _d141660 |
||